State Tretyakov Gallery : (Record no. 116)

000 -LEADER
fixed length control field 01223cam a22003614a 4500
001 - CONTROL NUMBER
control field 13187065
003 - CONTROL NUMBER IDENTIFIER
control field OSt
005 - DATE AND TIME OF LATEST TRANSACTION
control field 20210416053503.0
008 - FIXED-LENGTH DATA ELEMENTS--GENERAL INFORMATION
fixed length control field 030505s2000 ru a 001 0 eng
010 ## - LIBRARY OF CONGRESS CONTROL NUMBER
LC control number 2003451835
020 ## - INTERNATIONAL STANDARD BOOK NUMBER
International Standard Book Number 5863941065
040 ## - CATALOGING SOURCE
Original cataloging agency DLC
Transcribing agency DLC
041 1# - LANGUAGE CODE
Language code of text/sound track or separate title eng
Language code of original rus
042 ## - AUTHENTICATION CODE
Authentication code pcc
043 ## - GEOGRAPHIC AREA CODE
Geographic area code e-ru---
050 00 - LIBRARY OF CONGRESS CALL NUMBER
Classification number N6981
Item number .G638 2000
080 ## - UNIVERSAL DECIMAL CLASSIFICATION NUMBER
Universal Decimal Classification number 006.9
Item number T-84
110 2# - MAIN ENTRY--CORPORATE NAME
Corporate name or jurisdiction name as entry element Gosudarstvennai︠a︡ Tretʹi︠a︡kovskai︠a︡ galerei︠a︡.
240 10 - UNIFORM TITLE
Uniform title Tretʹi︠a︡kovskai︠a︡ galerei︠a︡.
Language of a work English
245 10 - TITLE STATEMENT
Title State Tretyakov Gallery :
Remainder of title guidebook.
246 14 - VARYING FORM OF TITLE
Title proper/short title Tretyakov Gallery :
Remainder of title guidebook
250 ## - EDITION STATEMENT
Edition statement 2nd ed., rev.
260 ## - PUBLICATION, DISTRIBUTION, ETC.
Place of publication, distribution, etc. Moscow :
Name of publisher, distributor, etc. Avant-Garde,
Date of publication, distribution, etc. 2000.
300 ## - PHYSICAL DESCRIPTION
Extent 287 p. :
Other physical details ill. (chiefly col.) ;
Dimensions 22 cm.
500 ## - GENERAL NOTE
General note Includes index.
610 20 - SUBJECT ADDED ENTRY--CORPORATE NAME
Corporate name or jurisdiction name as entry element Gosudarstvennai︠a︡ Tretʹi︠a︡kovskai︠a︡ galerei︠a︡
Form subdivision Guidebooks.
650 #0 - SUBJECT ADDED ENTRY--TOPICAL TERM
Topical term or geographic name entry element Art, Russian.
650 #0 - SUBJECT ADDED ENTRY--TOPICAL TERM
Topical term or geographic name entry element Art
Geographic subdivision Russia (Federation)
-- Moscow
Form subdivision Guidebooks.
651 #0 - SUBJECT ADDED ENTRY--GEOGRAPHIC NAME
Geographic name Moscow (Russia)
Form subdivision Guidebooks.
906 ## - LOCAL DATA ELEMENT F, LDF (RLIN)
a 7
b cbc
c orignew
d 3
e ncip
f 20
g y-gencatlg
942 ## - ADDED ENTRY ELEMENTS (KOHA)
Source of classification or shelving scheme
Koha item type Books
Edition 2
Holdings
Withdrawn status Lost status Source of classification or shelving scheme Damaged status Not for loan Permanent location Current location Date acquired Inventory number Full call number Barcode Date last seen Price effective from Koha item type
          Ken Walker International University Ken Walker International University 11/11/2020 306 006.9 T-84 306 11/11/2020 11/11/2020 Books

Powered by Koha